000 00472nam a22001817a 4500
005 20260219110420.0
008 260219b |||||||| |||| 00| 0 eng d
020 _a9788170088837
050 _aTA545
_b.P86
100 _aPUMIA, B.C.
245 _aSURVEYING
250 _a17TH
260 _aNEW-DELHI
_bLAXMI PUBLICATIONS
_c2023
300 _aXVII,581p.
_billus
650 _aSURVEYING
_vQUANTITY AND SURVEYING
700 _a2. JAIN, ASHOK K 3. JAIN, ARUN K
942 _cBK
999 _c4551
_d4551